| 000 | 00000nam##2200000za#4500 |
| 001 | 9.600970 |
| 003 | CaOODSP |
| 005 | 20210624205837 |
| 007 | cr ||||||||||| |
| 008 | 150406|2001||||xxc|||||o f|0| 0 fre|d |
| 040 | |aCaOODSP|bfre |
| 043 | |an-cn--- |
| 086 | 1 |aNH15-343/2001F-PDF |
| 110 | 2 |aSociété canadienne d'hypothèques et de logement. |
| 245 | 10|aGuide d'équipement mécanique pour un environnement intérieur sain / |h[ressource électronique]|cpar David Rousseau, Dara Bowser, Chris Mattock. |
| 260 | |aOttawa - Ontario : |bSociété canadienne d'hypothèques et de logement |cc2001. |
| 300 | |a166p.|bfigures, glossaire, références, tableaux |
| 490 | 1 |aRapport de recherche. Série sur la maison et les collectivités saines |
| 500 | |aLe nº de catalogue (NH15-343/2001F) et l'ISBN (0-660-96519-4) de l'édition imprimée ont été incorrectement copiés dans cette édition électronique. |
| 590 | |a11-27-Supp|b2011-11-15 |
| 720 | 1 |aRousseau, David |
| 720 | 1 |aBowser, Dara |
| 720 | 1 |aMattock, Chris |
| 775 | 08|tA guide to mechanical equipment for healthy indoor environments / |w(CaOODSP)9.570222 |
| 830 | #0|aRapport de recherche. Série sur la maison et les collectivités saines.|w(CaOODSP)9.501336 |
| 856 | 40|ahttp://publications.gc.ca|qPDF|s834 Ko|uhttps://publications.gc.ca/collections/collection_2011/schl-cmhc/nh18-1-4/NH15-343-2001-fra.pdf |